000 01153nam a2200325Ic 4500
001 57811
003 CO-BoRNBP
005 20250730164100.0
007 ta
008 161128s2004 ck g 000 0 spa
040 _aCO-BoRNBP
_bspa
_erda
_cCO-BoRNBP
041 _aspa
082 0 4 _a323.01
_bC64ds
110 2 _aColombia. Defensoría del Pueblo
_961691
245 1 0 _aDerecho a la seguridad social en pensiones /
_cDefensoría del Pueblo, Red de Promotores de Derechos Humanos.
250 _a1a. edición
264 1 _aBogotá, Colombia :
_bDefensoría del Pueblo,
_c2004
300 _a100 páginas
336 _atexto
_btxt
_2rdacontent
337 _asin mediación
_bn
_2rdamedia
338 _avolumen
_bnc
_2rdacarrier
490 0 _aDerechos económicos, sociales y culturales
_aHuellas culturales
650 0 0 _aDerecho y Estado
_zColombia
_2LEMB
_961692
650 0 7 _aDerechos humanos
_zColombia
_2lemb
_961693
650 0 7 _aGarantías constitucionales
_zColombia
_2lemb
_961694
650 0 7 _aIgualdad ante la ley
_2lemb
_961695
650 0 7 _aPensiones
_2lemb
650 0 7 _aSeguridad social
_xlegislación
_zColombia
_2lemb
_961696
942 _2ddc
_cBK
999 _c57811
_d57811